000 01723cab a2200301 4500
001 ABS67497
008 040209n2003 000 0 eng u
035 _a(Sirsi) u125090
100 _aParker, D.
245 _aForecasting property market cycles: an application of the RICS model to the Sydney CBD office market
260 _c2003
490 _aJournal of Financial Management of Property and Construction
_v8(3) December 2003, 179-191(13)
520 _aThe "RICS Foundation City of London office supply and demand forecasting model" is designed to be capable of application to office markets other than the City of London, upon which it was based. Having outlined the structure of the RICS Foundation model and considered similarities and differences in market structure that may influence its effective operation, it is then applied to the Sydney CBD office market. The differences between office markets and the availability of data are found to limit the effective operation of the RICS Foundation model for Sydney, with suggestions made for improvements and conclusions drawn on the structure and role of such a model global context. [Taken from journal abstract].
590 _aABS
650 _aFORECASTING MODELS
650 _aOFFICE DEMAND
650 _aPROPERTY-COMMERCIAL PROPERTY-OFFICE PROPERTY-OFFICE PROPERTY MARKET
650 _aOFFICE SUPPLY
650 _aCITY OF LONDON
650 _aRICS FOUNDATION CITY OF LONDON OFFICE SUPPLY AND DEMAND FORECASTING MODEL
650 _aSYDNEY
650 _aFORECASTING TECHNIQUES
690 _aPROPERTY-COMMERCIAL PROPERTY-COMMERCIAL PROPERTY MARKET
700 _aMacFarlane, J.
700 _aPeng, V.
700 _aMurray, J.
942 _n0
999 _c74147
_d74147